000 00637nam a2200193 a 4500
001 000022726
005 20200930021748.0
008 101116s1968 ve r 000 e spa d
040 _aDO-SdBNP
_bspa
_cBNPHU
082 _axxxx
_bC578a
100 1 _aCiria, Alberto
_946706
245 1 0 _aAmérica Latina: contribuciones al estudio de su crisis :
_bensayos /
_cAlberto Ciria.
260 _aCaracas, Venezuela :
_bMonte Ávila,
_c1968.
300 _a232 p. ;
_c18 cm.
490 1 _aContinente
504 _aIncluye referencias bibliográficas y notas al pie de las páginas.
590 _aInventariado, 2019/BT
830 0 _aContinente
_95070
999 _c22223
_d22223